[Event "Novi Sad TS GM/IM Mix 189th"]
[Site "Novi Sad"]
[Date "2024.03.04"]
[Round "8"]
[White "Campos, Eugenio"]
[Black "Gusev, Mikhail"]
[Result "1/2-1/2"]
[WhiteElo "2101"]
[BlackElo "2157"]
[PlyCount "59"]
[EventDate "2024.02.29"]
[EventType "swiss"]
[EventRounds "9"]
[EventCountry "SRB"]
[SourceTitle "CB12_2024"]
[SourceDate "2023.10.01"]
[SourceVersion "1"]
[SourceVersionDate "2023.10.01"]
[SourceQuality "1"]

1. e4 c5 2. Nf3 e6 3. Nc3 Nc6 4. Bb5 Nd4 5. Bc4 d6 6. 0-0 Nf6 7. Re1 Be7 8. Nxd4 cxd4 9. Ne2 Nxe4 10. Nxd4 d5 11. Bb5+ Bd7 12. d3 Nd6 13. Bxd7+ Qxd7 14. Nf3 Bf6 15. Ne5 Bxe5 16. Rxe5 0-0 17. Bd2 f6 18. Re1 e5 19. f4 Rae8 20. fxe5 fxe5 21. Bb4 Rf4 22. Qd2 b6 23. Bxd6 Qxd6 24. Qxf4 exf4 25. Rxe8+ Kf7 26. Rae1 Qc5+ 27. Kf1 Qxc2 28. R8e7+ Kf6 29. R1e6+ Kf5 30. Re5+ 1/2-1/2

[Event "Senta Fantastico op 02"]
[Site "Senta"]
[Date "2024.02.26"]
[Round "8"]
[White "Gusev, Mikhail"]
[Black "Averin, Nikolay"]
[Result "0-1"]
[WhiteElo "2157"]
[BlackElo "2254"]
[PlyCount "62"]
[EventDate "2024.02.22"]
[EventType "swiss"]
[EventRounds "9"]
[EventCountry "SRB"]
[SourceTitle "CB10_2024"]
[SourceDate "2024.03.06"]
[SourceVersion "1"]
[SourceVersionDate "2024.03.06"]
[SourceQuality "1"]

1. d4 d5 2. c4 e6 3. Nf3 Nf6 4. g3 dxc4 5. Bg2 Nbd7 6. Qc2 a6 7. 0-0 c5 8. Nbd2 b5 9. b3 cxb3 10. axb3 Bb7 11. Ba3 Rc8 12. Qd3 Be7 13. e4 0-0 14. Rac1 Qa5 15. Bb2 cxd4 16. e5 Nd5 17. Ne4 Qa2 18. Qxd4 Qxb3 19. Rxc8 Rxc8 20. Qa7 Rc7 21. Rc1 Rxc1+ 22. Bxc1 Qd1+ 23. Bf1 Qxf3 24. Qxb7 Qxe4 25. Qxd7 Bf8 26. Qc8 Qxe5 27. Qxa6 b4 28. Qb7 Qc3 29. Bg5 h6 30. Bd8 b3 31. Bb5 Qb4 0-1

[Event "Senta Fantastico op 02"]
[Site "Senta"]
[Date "2024.02.25"]
[Round "5"]
[White "Campos, Eugenio"]
[Black "Gusev, Mikhail"]
[Result "0-1"]
[WhiteElo "2101"]
[BlackElo "2157"]
[PlyCount "78"]
[EventDate "2024.02.22"]
[EventType "swiss"]
[EventRounds "9"]
[EventCountry "SRB"]
[SourceTitle "CB10_2024"]
[SourceDate "2024.03.06"]
[SourceVersion "1"]
[SourceVersionDate "2024.03.06"]
[SourceQuality "1"]

1. e4 c5 2. Nf3 e6 3. Nc3 Nc6 4. Bb5 Nge7 5. d4 cxd4 6. Nxd4 Qc7 7. 0-0 a6 8. Be2 b5 9. Ndxb5 axb5 10. Nxb5 Qa5 11. Bd2 Qb6 12. Be3 Qb8 13. Nd6+ Kd8 14. Nxf7+ Ke8 15. Nxh8 g6 16. Bd4 e5 17. Bc3 Bg7 18. Bc4 Bxh8 19. Qf3 Nd8 20. Rad1 Ba6 21. Bxa6 Rxa6 22. Qh3 Ne6 23. Qxh7 Bf6 24. h4 Nf4 25. Rd2 Ra4 26. Rfd1 Rxe4 27. Rxd7 Ne2+ 28. Kf1 Nxc3 29. R1d3 Qb6 30. bxc3 Rxh4 31. Rxe7+ Bxe7 32. Qg8+ Bf8 33. Qd5 Qb1+ 34. Ke2 Qxc2+ 35. Ke3 Bh6+ 36. f4 Rxf4 37. Qe6+ Kf8 38. Rd8+ Kg7 39. Rg8+ Kh7 0-1

[Event "SRB-ch sf"]
[Site "Paracin"]
[Date "2024.02.10"]
[Round "8"]
[White "Gusev, Mikhail"]
[Black "Gagic, Milan A"]
[Result "1/2-1/2"]
[WhiteElo "2157"]
[BlackElo "2242"]
[PlyCount "53"]
[EventDate "2024.02.05"]
[EventType "swiss"]
[EventRounds "9"]
[EventCountry "SRB"]
[SourceTitle "CB07_2024"]
[SourceDate "2024.02.14"]
[SourceVersion "1"]
[SourceVersionDate "2024.02.14"]
[SourceQuality "1"]

1. d4 Nf6 2. Nf3 b6 3. g3 Bb7 4. Bg2 c5 5. c4 cxd4 6. Qxd4 Nc6 7. Qd1 Ne5 8. b3 Nxf3+ 9. exf3 g6 10. Bb2 Bg7 11. 0-0 0-0 12. Nc3 d6 13. Qe2 Qd7 14. Ne4 Nxe4 15. fxe4 Bxb2 16. Qxb2 b5 17. cxb5 Qxb5 18. Rac1 Rfc8 19. h4 h5 20. Qd4 Qa5 21. a4 Rab8 22. Bh3 Rd8 23. Rfe1 Bc8 24. Bxc8 Rbxc8 25. Red1 a6 26. Qa7 Kf8 27. Qd4 1/2-1/2

[Event "SRB-ch sf"]
[Site "Paracin"]
[Date "2024.02.09"]
[Round "6"]
[White "Gusev, Mikhail"]
[Black "Milosevic, Milos"]
[Result "1/2-1/2"]
[WhiteElo "2157"]
[BlackElo "2390"]
[PlyCount "70"]
[EventDate "2024.02.05"]
[EventType "swiss"]
[EventRounds "9"]
[EventCountry "SRB"]
[SourceTitle "CB07_2024"]
[SourceDate "2024.02.14"]
[SourceVersion "1"]
[SourceVersionDate "2024.02.14"]
[SourceQuality "1"]

1. e4 e6 2. d4 d5 3. Nc3 Bb4 4. e5 c5 5. Bd2 Ne7 6. Nb5 Bxd2+ 7. Qxd2 0-0 8. c3 Bd7 9. Nf3 cxd4 10. cxd4 Qb6 11. a4 Nbc6 12. a5 Qd8 13. Bd3 f6 14. a6 bxa6 15. Rxa6 fxe5 16. Nxe5 Nxe5 17. dxe5 Qb8 18. Nd6 Nc6 19. f4 Nb4 20. Ra3 Nxd3+ 21. Rxd3 Qb6 22. Ke2 a5 23. Rc1 a4 24. Rdc3 Rab8 25. Rc7 Bb5+ 26. Kf3 Bc4 27. Re7 Qd8 28. Ra7 Rb3+ 29. Rc3 Qb6 30. Rb7 Qg1 31. Rbxb3 Bxb3 32. Kg3 d4 33. Rc1 Qe3+ 34. Qxe3 dxe3 35. Rc8 Bd5 1/2-1/2

[Event "SRB-ch sf"]
[Site "Paracin"]
[Date "2024.02.05"]
[Round "1"]
[White "Gusev, Mikhail"]
[Black "Cabarkapa, Novak"]
[Result "0-1"]
[WhiteElo "2157"]
[BlackElo "2434"]
[PlyCount "108"]
[EventDate "2024.02.05"]
[EventType "swiss"]
[EventRounds "9"]
[EventCountry "SRB"]
[SourceTitle "CB07_2024"]
[SourceDate "2024.02.14"]
[SourceVersion "1"]
[SourceVersionDate "2024.02.14"]
[SourceQuality "1"]

1. d4 Nf6 2. c4 g6 3. Nf3 Bg7 4. Nc3 0-0 5. e4 d6 6. Be2 Nbd7 7. 0-0 e5 8. d5 Nc5 9. Qc2 a5 10. Ne1 Nfd7 11. Be3 f5 12. f3 f4 13. Bf2 g5 14. Nd3 b6 15. a3 Nxd3 16. Qxd3 a4 17. Kh1 Nf6 18. Rg1 Nh5 19. Rae1 Rf6 20. Nd1 Bd7 21. Qd2 Qe7 22. g4 fxg3 23. Bxg3 Nf4 24. Bxf4 Rxf4 25. Nf2 h6 26. Rg3 Raf8 27. Reg1 Kf7 28. Qe3 Ke8 29. Nd3 Bf6 30. Qf2 Rh4 31. Ne1 h5 32. Ng2 g4 33. Nxh4 Bxh4 34. Qg2 Bxg3 35. Qxg3 h4 36. Qg2 Qh7 37. Rf1 g3 38. Bd1 Rg8 39. Re1 h3 40. Qd2 gxh2 41. f4 Rg2 42. Qe3 exf4 43. Qxf4 Qg6 44. Qe3 Rxb2 45. Bf3 Rg2 46. Qd4 Ke7 47. Rf1 Rg1+ 48. Rxg1 Qxg1+ 49. Qxg1 hxg1Q+ 50. Kxg1 Kf6 51. Kf2 Ke5 52. Ke3 Bc8 53. Bh5 Ba6 54. Be2 Bxc4 0-1

[Event "SRB-chT 2nd League"]
[Site "Novi Sad"]
[Date "2023.11.03"]
[Round "2.4"]
[White "Mijatovic, Dusan"]
[Black "Gusev, Mikhail"]
[Result "1/2-1/2"]
[WhiteElo "2141"]
[BlackElo "2055"]
[PlyCount "42"]
[EventDate "2023.11.02"]
[EventType "team-tourn"]
[EventRounds "11"]
[EventCountry "SRB"]
[SourceTitle "CB46_2023"]
[SourceDate "2023.11.15"]
[SourceVersion "1"]
[SourceVersionDate "2023.11.15"]
[SourceQuality "1"]
[WhiteTeam "Stara Pazova"]
[BlackTeam "Senta"]
[WhiteTeamCountry "SRB"]
[BlackTeamCountry "SRB"]

1. d4 Nf6 2. c4 c5 3. e3 cxd4 4. exd4 d5 5. Nc3 Nc6 6. cxd5 Nxd5 7. Nf3 Bg4 8. Bc4 e6 9. 0-0 Be7 10. Bxd5 exd5 11. Qd3 Bxf3 12. Qxf3 Nxd4 13. Qd3 Bf6 14. Re1+ Ne6 15. Nxd5 0-0 16. Nxf6+ Qxf6 17. Qb1 Rac8 18. Bd2 Rfd8 19. Bc3 Qg5 20. Re5 Qg6 21. Qxg6 hxg6 1/2-1/2

[Event "Wch U20 Blitz"]
[Site "Pula"]
[Date "2023.10.15"]
[Round "6"]
[White "Andreev, Konstantin1"]
[Black "Gusev, Mikhail"]
[Result "0-1"]
[WhiteElo "2284"]
[BlackElo "2012"]
[PlyCount "116"]
[EventDate "2023.10.14"]
[EventType "swiss (blitz)"]
[EventRounds "11"]
[EventCountry "ITA"]
[SourceTitle "Mega2024 Update 01"]
[Source "Chessbase"]
[SourceDate "2023.11.12"]
[SourceVersion "1"]
[SourceVersionDate "2023.11.12"]
[SourceQuality "1"]

1. e4 e6 2. d4 d5 3. Nc3 Nf6 4. e5 Nfd7 5. f4 c5 6. Nf3 Nc6 7. Be3 Qb6 8. Na4 Qa5+ 9. c3 b6 10. Bd2 c4 11. b4 Nxb4 12. cxb4 Bxb4 13. Qc2 b5 14. Bxb4 Qxb4+ 15. Nc3 Qa5 16. Rb1 Rb8 17. Kf2 f6 18. Be2 fxe5 19. fxe5 b4 20. Nd1 Qb6 21. Ne3 0-0 22. Rhf1 Nxe5 23. dxe5 d4 24. Kg1 d3 25. Qd2 dxe2 26. Qxe2 c3 27. Rfe1 Ba6 28. Qf2 Bb7 29. Kh1 Bxf3 30. gxf3 Qc6 31. Kg2 a5 32. Rbd1 Rbd8 33. Nc2 Rd2 34. Rxd2 cxd2 35. Qxd2 Qxf3+ 36. Kg1 Qg4+ 37. Qg2 Qc4 38. Rd1 Qc5+ 39. Nd4 Rd8 40. Qe4 a4 41. Kg2 Qb6 42. Rd3 Qc7 43. Qe3 Qe7 44. Kf2 Rf8+ 45. Kg1 Qf7 46. Rd1 Qg6+ 47. Qg3 Qxg3+ 48. hxg3 Rd8 49. Kf2 Rd5 50. Rd2 Rxe5 51. Nc6 Rb5 52. Nd4 Rb6 53. Ke3 Kf7 54. Ke4 b3 55. axb3 axb3 56. Ke5 b2 57. Rf2+ Ke7 58. Rc2 b1Q 0-1

[Event "Wch U20 Blitz"]
[Site "Pula"]
[Date "2023.10.15"]
[Round "10"]
[White "Gusev, Mikhail"]
[Black "Casadio, Niccolo"]
[Result "1-0"]
[WhiteElo "2012"]
[BlackElo "2082"]
[PlyCount "67"]
[EventDate "2023.10.14"]
[EventType "swiss (blitz)"]
[EventRounds "11"]
[EventCountry "ITA"]
[SourceTitle "Mega2024 Update 01"]
[Source "Chessbase"]
[SourceDate "2023.11.12"]
[SourceVersion "1"]
[SourceVersionDate "2023.11.12"]
[SourceQuality "1"]

1. e4 e6 2. d4 d5 3. Nc3 Nf6 4. Bg5 Bb4 5. e5 h6 6. exf6 hxg5 7. fxg7 Rg8 8. Qh5 Qf6 9. Nf3 Qxg7 10. h4 gxh4 11. Rxh4 Nc6 12. 0-0-0 Bd7 13. g3 0-0-0 14. Bb5 f6 15. Qh7 Qf8 16. Qd3 Qd6 17. a3 Bxc3 18. Qxc3 Rge8 19. Re1 Ne7 20. Bxd7+ Rxd7 21. Rh6 Rf8 22. Nh4 Ng8 23. Rg6 Ne7 24. Rh6 Ng8 25. Rh8 Re8 26. Qf3 e5 27. Qg4 Qf8 28. dxe5 fxe5 29. Rxe5 Red8 30. Rg5 Qe7 31. Rgxg8 Qe1+ 32. Qd1 Qxf2 33. Rxd8+ Rxd8 34. Qg4+ 1-0

[Event "Wch U20 Blitz"]
[Site "Pula"]
[Date "2023.10.14"]
[Round "1"]
[White "Gusev, Mikhail"]
[Black "Haug, Havard"]
[Result "1/2-1/2"]
[WhiteElo "2012"]
[BlackElo "2209"]
[PlyCount "115"]
[EventDate "2023.10.14"]
[EventType "swiss (blitz)"]
[EventRounds "11"]
[EventCountry "ITA"]
[SourceTitle "Mega2024 Update 01"]
[Source "Chessbase"]
[SourceDate "2023.11.12"]
[SourceVersion "1"]
[SourceVersionDate "2023.11.12"]
[SourceQuality "1"]

1. d4 d5 2. c4 e6 3. Nf3 c5 4. cxd5 exd5 5. Nc3 Nf6 6. Bg5 Be6 7. e3 c4 8. h3 Nc6 9. Be2 Be7 10. 0-0 0-0 11. Ne5 h6 12. Nxc6 bxc6 13. Bf4 Bd6 14. Bxd6 Qxd6 15. Qc2 c5 16. dxc5 Qxc5 17. Rfd1 Rab8 18. Rd4 Rb7 19. Bf3 Rfb8 20. Rd2 Rxb2 21. Qxb2 Rxb2 22. Rxb2 Qa3 23. Rc2 Bf5 24. Rcc1 Qa5 25. Ne2 Be4 26. Nd4 Qd2 27. Rd1 Qb2 28. a4 c3 29. Rac1 g6 30. Bxe4 Nxe4 31. Rc2 Qb4 32. f3 Nd6 33. Rdc1 Nc4 34. Rxc3 Qxa4 35. Kf2 Qb4 36. Ne2 a5 37. R3c2 a4 38. Nc3 Nxe3 39. Kxe3 d4+ 40. Kf2 dxc3 41. Rxc3 a3 42. Rc8+ Kg7 43. R8c2 Qb3 44. Re2 h5 45. Ra1 Qb6+ 46. Kf1 Qd6 47. Rea2 Qh2 48. Rxa3 h4 49. Ra4 g5 50. R1a2 f6 51. Ra7+ Kg6 52. R7a5 Kf7 53. Ra7+ Ke6 54. R7a6+ Kf5 55. R6a5+ Kg6 56. Ra6 Kg7 57. Ra7+ Kg6 58. R7a6 1/2-1/2

[Event "Wch U20 Rapid"]
[Site "Pula"]
[Date "2023.10.12"]
[Round "11"]
[White "Andreev, Konstantin1"]
[Black "Gusev, Mikhail"]
[Result "1/2-1/2"]
[WhiteElo "2284"]
[BlackElo "2012"]
[PlyCount "102"]
[EventDate "2023.10.10"]
[EventType "swiss (rapid)"]
[EventRounds "11"]
[EventCountry "ITA"]
[SourceTitle "Mega2024 Update 01"]
[Source "Chessbase"]
[SourceDate "2023.11.12"]
[SourceVersion "1"]
[SourceVersionDate "2023.11.12"]
[SourceQuality "1"]

1. e4 e6 2. d4 d5 3. Nc3 Nf6 4. e5 Nfd7 5. f4 c5 6. Nf3 Nc6 7. Be3 Qb6 8. Na4 Qa5+ 9. c3 cxd4 10. b4 Qc7 11. Nxd4 a6 12. Bd3 b5 13. Nb2 Ncxe5 14. fxe5 Qxc3+ 15. Qd2 Bxb4 16. Ke2 Qxd2+ 17. Bxd2 Bxd2 18. Kxd2 Nxe5 19. Rac1 Nc4+ 20. Nxc4 bxc4 21. Bc2 e5 22. Nc6 f6 23. Rb1 Bd7 24. Rb6 Rc8 25. Nb4 d4 26. Rxa6 d3 27. Ba4 Bxa4 28. Rxa4 e4 29. Nd5 Kf7 30. Rc1 Rb8 31. Kc3 Rhd8 32. Ra5 Rb7 33. Rd1 g5 34. Rf1 Rd6 35. Kxc4 Rb2 36. Kd4 Rxg2 37. Kxe4 d2 38. Rd1 Re2+ 39. Kf3 Rxh2 40. a4 f5 41. Ne3 Rh3+ 42. Kf2 f4 43. Nf1 Kf6 44. Rxd2 Rxd2+ 45. Nxd2 g4 46. Ne4+ Ke7 47. Re5+ Kd7 48. Nf6+ Kd6 49. Nxg4 h5 50. Rf5 hxg4 51. Rxf4 Rf3+ 1/2-1/2

[Event "Wch U20 Rapid"]
[Site "Pula"]
[Date "2023.10.12"]
[Round "10"]
[White "Gusev, Mikhail"]
[Black "May Sanchez, Andres Elias"]
[Result "1/2-1/2"]
[WhiteElo "2012"]
[BlackElo "2044"]
[PlyCount "74"]
[EventDate "2023.10.10"]
[EventType "swiss (rapid)"]
[EventRounds "11"]
[EventCountry "ITA"]
[SourceTitle "Mega2024 Update 01"]
[Source "Chessbase"]
[SourceDate "2023.11.12"]
[SourceVersion "1"]
[SourceVersionDate "2023.11.12"]
[SourceQuality "1"]

1. e4 e5 2. Nf3 Nc6 3. Bb5 a6 4. Ba4 d6 5. c3 Bd7 6. 0-0 Nge7 7. d4 Ng6 8. h3 Be7 9. Be3 0-0 10. Nbd2 h6 11. Bb3 Bg5 12. Nxg5 hxg5 13. Qh5 Nf4 14. Bxf4 gxf4 15. Nf3 Qf6 16. Ng5 Qh6 17. Bxf7+ Kh8 18. Nf3 Rac8 19. dxe5 Rxf7 20. Qxf7 Be6 21. Ng5 Qxg5 22. Qxe6 Rf8 23. exd6 cxd6 24. Qg4 Qh6 25. h4 Ne5 26. Qg5 Qh7 27. f3 Rf6 28. Rad1 Nc4 29. Rfe1 Ne5 30. Rxd6 Rxd6 31. Qxe5 Qxh4 32. Rf1 Rd2 33. Qe8+ Kh7 34. Qe6 Rxg2+ 35. Kxg2 Qg3+ 36. Kh1 Qh4+ 37. Kg2 Qg3+ 1/2-1/2

[Event "Wch U20 Rapid"]
[Site "Pula"]
[Date "2023.10.10"]
[Round "3"]
[White "Lumachi, Gabriele"]
[Black "Gusev, Mikhail"]
[Result "0-1"]
[WhiteElo "2399"]
[BlackElo "2012"]
[PlyCount "136"]
[EventDate "2023.10.10"]
[EventType "swiss (rapid)"]
[EventRounds "11"]
[EventCountry "ITA"]
[SourceTitle "Mega2024 Update 01"]
[Source "Chessbase"]
[SourceDate "2023.11.12"]
[SourceVersion "1"]
[SourceVersionDate "2023.11.12"]
[SourceQuality "1"]

1. d4 Nf6 2. c4 e6 3. Nf3 Bb4+ 4. Bd2 Qe7 5. g3 Nc6 6. Nc3 Bxc3 7. Bxc3 Ne4 8. Rc1 d6 9. d5 Nxc3 10. Rxc3 Nd8 11. Bg2 e5 12. 0-0 0-0 13. c5 dxc5 14. Nd2 c6 15. Ne4 cxd5 16. Qxd5 Nc6 17. Qxc5 Qxc5 18. Nxc5 Nd4 19. Re1 Rb8 20. e3 Ne6 21. Rec1 b6 22. Nd3 f6 23. Bd5 Kh8 24. Nb4 Bd7 25. Nc6 Bxc6 26. Rxc6 Nc5 27. Rc3 Rfd8 28. e4 f5 29. f3 fxe4 30. fxe4 a5 31. Rf3 Rdc8 32. Rf5 Rxc6 33. Bxc6 Nd3 34. Bb5 g6 35. Rg5 Rd8 36. b3 Kg7 37. Rg4 Nc1 38. Rh4 Nxa2 39. g4 Nc3 40. Bf1 Nxe4 41. Rh3 Rd1 42. Kg2 Rd2+ 43. Kg1 Nc5 44. Re3 e4 45. g5 Rb2 46. Bc4 b5 47. Bd5 a4 48. bxa4 bxa4 49. Rc3 Nb3 50. Rc7+ Kf8 51. Rf7+ Ke8 52. Ra7 Nc5 53. Bc6+ Kf8 54. Ra5 e3 55. Rxc5 Rb1+ 56. Kg2 e2 57. Re5 e1Q 58. Rxe1 Rxe1 59. Bxa4 Re3 60. Bd1 Ke7 61. Kf2 Rc3 62. Bf3 Ke6 63. Kg3 Kf5 64. h4 Ra3 65. Kg2 Kf4 66. Bd1 Ra2+ 67. Kh3 Rd2 68. Ba4 Rd3+ 0-1

[Event "Paracin op 16th"]
[Site "Paracin"]
[Date "2023.07.10"]
[Round "4"]
[White "Garifulin, Yury"]
[Black "Gusev, Mikhail"]
[Result "1/2-1/2"]
[WhiteElo "1939"]
[BlackElo "2091"]
[PlyCount "117"]
[EventDate "2023.07.07"]
[EventType "swiss"]
[EventRounds "9"]
[EventCountry "SRB"]
[SourceTitle "EXT 2024"]
[Source "ChessBase"]
[SourceDate "2023.10.10"]
[SourceVersion "1"]
[SourceVersionDate "2023.10.10"]
[SourceQuality "1"]

1. e4 c5 2. Nf3 e6 3. d4 cxd4 4. Nxd4 Nf6 5. Nc3 Nc6 6. Ndb5 Bc5 7. Bf4 0-0 8. Bc7 Qe7 9. Bd6 Bxd6 10. Qxd6 Qd8 11. Nc7 Rb8 12. Be2 b5 13. e5 Ne8 14. Nxe8 b4 15. Ne4 Rxe8 16. 0-0 Bb7 17. Bd3 Ne7 18. Qxb4 Ng6 19. Qd4 Bxe4 20. Bxe4 Qb6 21. Qxb6 Rxb6 22. Bxg6 hxg6 23. b3 d5 24. exd6 Rxd6 25. Rfd1 Red8 26. Rxd6 Rxd6 27. Kf1 Kf8 28. Ke2 Rc6 29. c4 Ra6 30. Kd3 Ke7 31. c5 Ra3 32. Kc4 Kd7 33. Kb4 Ra6 34. a4 e5 35. Kb5 Rf6 36. f3 Re6 37. b4 f5 38. Ka5 e4 39. fxe4 fxe4 40. b5 e3 41. c6+ Kc7 42. Ka6 e2 43. Re1 Re4 44. a5 Re5 45. b6+ axb6 46. axb6+ Kxc6 47. b7 Re8 48. h4 Kd5 49. Ka7 Kd4 50. b8Q Rxb8 51. Kxb8 Ke3 52. Kc7 Kf2 53. Ra1 e1Q 54. Rxe1 Kxe1 55. Kd6 Kf2 56. Ke6 Kxg2 57. Kf7 Kg3 58. Kxg6 Kxh4 59. Kxg7 1/2-1/2

[Event "Paracin op 16th"]
[Site "Paracin"]
[Date "2023.07.08"]
[Round "3"]
[White "Gusev, Mikhail"]
[Black "Dakic, Marta"]
[Result "1-0"]
[WhiteElo "2091"]
[BlackElo "1884"]
[PlyCount "93"]
[EventDate "2023.07.07"]
[EventType "swiss"]
[EventRounds "9"]
[EventCountry "SRB"]
[SourceTitle "EXT 2024"]
[Source "ChessBase"]
[SourceDate "2023.10.10"]
[SourceVersion "1"]
[SourceVersionDate "2023.10.10"]
[SourceQuality "1"]

1. e4 e5 2. d4 exd4 3. Qxd4 Nc6 4. Qd3 Nf6 5. Nc3 Bc5 6. Bf4 d6 7. 0-0-0 Be6 8. f3 Qd7 9. a3 Ne5 10. Bxe5 dxe5 11. Qxd7+ Nxd7 12. Bb5 c6 13. Ba4 b5 14. Bb3 Bxb3 15. cxb3 b4 16. axb4 Bxb4 17. Nge2 Ke7 18. Kc2 Rhd8 19. Nc1 Nc5 20. Nd3 Nxd3 21. Rxd3 Rxd3 22. Kxd3 Rd8+ 23. Kc2 Rd6 24. Rd1 Rxd1 25. Nxd1 Bc5 26. Kd3 Bd4 27. Kc4 Kf6 28. Nc3 Ke6 29. b4 g6 30. Na4 Kd6 31. Nc3 Ke6 32. Kb3 Bg1 33. h3 h5 34. Ne2 Be3 35. Kc4 Bf2 36. b5 cxb5+ 37. Kxb5 f5 38. Kc6 g5 39. g4 hxg4 40. hxg4 fxe4 41. fxe4 Be3 42. b4 Bd4 43. Nc1 Ke7 44. b5 Kd8 45. Nd3 Kc8 46. Kd5 Kb7 47. Nxe5 1-0

[Event "Paracin op 16th"]
[Site "Paracin"]
[Date "2023.07.08"]
[Round "2"]
[White "Patil, Harshal"]
[Black "Gusev, Mikhail"]
[Result "1-0"]
[WhiteElo "1969"]
[BlackElo "2091"]
[PlyCount "57"]
[EventDate "2023.07.07"]
[EventType "swiss"]
[EventRounds "9"]
[EventCountry "SRB"]
[SourceTitle "EXT 2024"]
[Source "ChessBase"]
[SourceDate "2023.10.10"]
[SourceVersion "1"]
[SourceVersionDate "2023.10.10"]
[SourceQuality "1"]

1. d4 Nf6 2. c4 e6 3. g3 Bb4+ 4. Nd2 c5 5. a3 Bxd2+ 6. Qxd2 cxd4 7. Nf3 Nc6 8. Nxd4 0-0 9. Bg2 d5 10. b4 dxc4 11. Nxc6 bxc6 12. Qc2 Ba6 13. 0-0 Rc8 14. Rd1 Qc7 15. Bf4 e5 16. Bg5 Rfd8 17. Bxf6 gxf6 18. Qf5 Rxd1+ 19. Rxd1 Rd8 20. Rxd8+ Qxd8 21. Be4 Qd1+ 22. Kg2 Qxe2 23. Qxh7+ Kf8 24. Qh8+ Ke7 25. Bxc6 Kd6 26. Qxf6+ Kc7 27. Bf3 Qd2 28. Qxa6 c3 29. Qxa7+ 1-0

[Event "EU-ch 23rd"]
[Site "Vrnjacka Banja"]
[Date "2023.03.09"]
[Round "7"]
[White "Glienke, Manfred"]
[Black "Gusev, Mikhail"]
[Result "1-0"]
[WhiteElo "2201"]
[BlackElo "2039"]
[PlyCount "103"]
[EventDate "2023.03.03"]
[EventType "swiss"]
[EventRounds "11"]
[EventCountry "SRB"]
[SourceTitle "CBM 213"]
[Source "ChessBase"]
[SourceDate "2023.04.30"]
[SourceVersion "1"]
[SourceVersionDate "2023.04.30"]
[SourceQuality "1"]

1. Nf3 Nf6 2. d4 c5 3. e3 e6 4. c4 b6 5. Be2 Bb7 6. 0-0 Be7 7. Nc3 0-0 8. d5 exd5 9. cxd5 d6 10. e4 Nbd7 11. h3 a6 12. a4 Re8 13. Re1 Bf8 14. Bf1 g6 15. Bf4 Qc7 16. Nd2 Ne5 17. Bg5 Bg7 18. f4 Ned7 19. Qf3 h6 20. Bh4 Nh7 21. Bf2 g5 22. g3 Kh8 23. Nc4 gxf4 24. gxf4 Rg8 25. Kh2 Rae8 26. Ne3 Bc8 27. Nf5 Bf8 28. Ne2 Ndf6 29. Neg3 h5 30. Rad1 Bxf5 31. Nxf5 Qd7 32. Ng3 Bh6 33. Nf5 Bf8 34. Ng3 Bh6 35. b3 Rg7 36. Nf5 Rg6 37. Nxh6 Rxh6 38. Bh4 Rg8 39. Rd2 Rg7 40. Rg2 Rxg2+ 41. Bxg2 Nf8 42. e5 dxe5 43. fxe5 Ng4+ 44. Kg1 Ng6 45. Bf6+ Nxf6 46. Qxf6+ Kg8 47. e6 fxe6 48. Rxe6 Qg7 49. Rxb6 Ne7 50. Qxg7+ Kxg7 51. Rxh6 Kxh6 52. d6 1-0

[Event "EU-ch 23rd"]
[Site "Vrnjacka Banja"]
[Date "2023.03.04"]
[Round "2"]
[White "Gusev, Mikhail"]
[Black "Denishev, Marat"]
[Result "1/2-1/2"]
[WhiteElo "2039"]
[BlackElo "2303"]
[PlyCount "65"]
[EventDate "2023.03.03"]
[EventType "swiss"]
[EventRounds "11"]
[EventCountry "SRB"]
[SourceTitle "CBM 213"]
[Source "ChessBase"]
[SourceDate "2023.04.30"]
[SourceVersion "1"]
[SourceVersionDate "2023.04.30"]
[SourceQuality "1"]

1. e4 c5 2. Nf3 d6 3. d4 cxd4 4. Nxd4 Nf6 5. Nc3 a6 6. Be3 e5 7. Nb3 Be6 8. f3 Be7 9. Qd2 h5 10. Be2 Nbd7 11. Nd5 Nxd5 12. exd5 Bf5 13. 0-0 Bg6 14. Na5 Qc7 15. c4 Bd8 16. b4 0-0 17. Rac1 Rc8 18. Nb3 b6 19. c5 bxc5 20. bxc5 dxc5 21. Nxc5 Qd6 22. Nb7 Qb8 23. Nxd8 Rfxd8 24. Bxa6 Rxc1 25. Rxc1 Nb6 26. Bc4 Nxc4 27. Rxc4 f6 28. Rc6 Bf7 29. d6 Qb1+ 30. Kf2 Qxa2 31. Qxa2 Bxa2 32. Bb6 Rd7 33. Rc8+ 1/2-1/2

[Event "SRB-ch sf"]
[Site "Novi Banovci"]
[Date "2023.02.10"]
[Round "6"]
[White "Gusev, Mikhail"]
[Black "Djokic, Mihailo"]
[Result "1/2-1/2"]
[WhiteElo "2021"]
[BlackElo "2221"]
[PlyCount "161"]
[EventDate "2023.02.06"]
[EventType "swiss"]
[EventRounds "9"]
[EventCountry "SRB"]
[SourceTitle "CBM 212 Extra"]
[Source "ChessBase"]
[SourceDate "2023.03.31"]
[SourceVersion "1"]
[SourceVersionDate "2023.03.31"]
[SourceQuality "1"]

1. d4 Nf6 2. Nf3 g6 3. Nc3 d5 4. Bf4 Bg7 5. Nb5 Na6 6. e3 c6 7. Nc3 Nc7 8. h3 0-0 9. Bd3 Ne6 10. Be5 c5 11. 0-0 b6 12. Qd2 Bb7 13. Rfe1 Ne4 14. Qd1 Nxc3 15. bxc3 f6 16. Bg3 c4 17. Bf1 b5 18. a4 a6 19. axb5 axb5 20. Qb1 Qd7 21. Qb4 Bc6 22. Nd2 Kh8 23. Qb2 Ng5 24. Rxa8 Rxa8 25. Ra1 Rxa1 26. Qxa1 Ne4 27. Nxe4 dxe4 28. Qa5 Kg8 29. Qc7 Qe6 30. Qb8+ Kf7 31. Be2 Qd5 32. Bg4 Bf8 33. Bf4 f5 34. Be2 Qd7 35. h4 Qb7 36. Qxb7 Bxb7 37. Kf1 e6 38. Ke1 Be7 39. g3 Ke8 40. Kd2 Kd7 41. Kc1 Bd5 42. Kb2 Kc6 43. Bd1 Kb6 44. Be2 Ka5 45. Be5 Ka4 46. Bd1 Ba3+ 47. Kb1 b4 48. cxb4 Kxb4 49. Bd6+ Kc3 50. Bxa3 Kd2 51. c3 Kxd1 52. Bd6 Ke2 53. Kc2 Bc6 54. Be5 Kxf2 55. Kd2 Kf3 56. Bf4 Ba4 57. Be5 Bb3 58. Bf4 Ba2 59. Be5 Bb1 60. Bf4 Bd3 61. Be5 Kf2 62. Bf4 Be2 63. Be5 Bf1 64. Bf4 Kf3 65. Be5 Bh3 66. Bf4 Bf1 67. Be5 Bd3 68. Bf4 Kg4 69. Ke1 Kf3 70. Kd2 Bb1 71. Be5 Kg4 72. Ke2 Kh5 73. Kf2 h6 74. Bf4 g5 75. hxg5 hxg5 76. Bc7 Kg4 77. Bd8 Bc2 78. Be7 Ba4 79. Bd8 Bc6 80. Be7 Bd7 81. Bd8 1/2-1/2